000 00692cam a2200253 4500
001 J91464
008 090401t1995 xxu||||| |||| 00| 0 eng d
035 _a(Sirsi) u85943
041 _aeng
050 _a346.4104343
110 _aDrivers Jonas
_91941
245 _aWhose money is it anyway? a code of practice for commercial service charges.
250 _a(2nd ed.)
260 _aLondon
_bDrivers Jonas
_c1995
300 _a8p. : ill. ; 30cm.
350 _a0
650 _aCODE OF PRACTICE
650 _aCOMMERCIAL LEASES
650 _aPROPERTY-COMMERCIAL PROPERTY
650 _aSERVICE CHARGES
690 _aPROPERTY-COMMERCIAL PROPERTY
942 _n0
948 _c30/04/1998
999 _c97089
_d97089